| 000 | 00349nam a22001337a 4500 | ||
|---|---|---|---|
| 020 | _a9789381226506 | ||
| 082 |
_a631. _bBIR/RE |
||
| 245 | _aReshaping Technology for Agricultural Development | ||
| 260 |
_aDelhi _bSatish Serial Publishing House _c2013 |
||
| 300 | _a466 | ||
| 700 |
_aBirendra Prasad _9821 |
||
| 700 |
_aSunil Kumar _9523 |
||
| 942 | _cBK | ||
| 999 |
_c14482 _d14482 |
||